Leonardo and the Renaissance

Bibliographic Details
Main Author: Harris, Nathaniel
Format: Book
Published: England : Wayland , 1987
Series:Life and Times
Subjects:

MARC

LEADER 00000cam a2200000 7i4500
001 0000002095
002 000002289
005 20080125.0
020 |a 0850789818 
090 0 0 |a 909   |b HAR 
100 1 |a Harris, Nathaniel 
245 1 0 |a Leonardo and the Renaissance   |c Nathaniel Harris 
260 |a England :   |b Wayland ,   |c 1987 
300 |a 47p. :   |b ill. ;   |c 23cm. 
490 0 |a Life and Times 
600 0 0 |a Leonardo da Vinci   |x Biography   |x Juvenile literature 
650 0 0 |a Artists   |z Italy   |x Biography   |x Juvenile literature 
999 |a 033683   |b BUKU   |c JUNIOR BOOKS   |e PERPUSTAKAAN KOMUNITI PETALING JAYA